| 000 | 00895nam a2200205 a 4500 | ||
|---|---|---|---|
| 008 | 120416s1997 ||||||||||||||||| || u | ||
| 020 | _a1856495191 | ||
| 050 | _aTP 360 Bio | ||
| 100 | _aHall, D. O | ||
| 245 | 1 | 0 |
_aBiomass energy policy in Africa: selected case studies _cedited by D. L. Kgathi and others |
| 260 |
_aLondon _bZed Books _c1997 |
||
| 300 | _axvi, 234 p. :ill. | ||
| 350 | _a0.00 | ||
| 490 | _aAfrican energy policy research | ||
| 650 | _aENERGY | ||
| 650 | _aBIOMASS ENERGY--GOVERNMENT POLICY--AFRICA | ||
| 700 | _aKgathi, D. L | ||
| 995 |
_aANNEX COLLECTION (Main Library) _D0.00 _e729631 _FCBU-MAIN LIBRARY (Kitwe) _H1 _I0.00 _jTP 360 Bio _M1 _UAVAILABLE _WJul 17, 2007 _y021817 _ZAnnex Low-Usage Collection |
||
| 995 |
_aANNEX COLLECTION (Main Library) _D0.00 _e729630 _FCBU-MAIN LIBRARY (Kitwe) _H1 _I0.00 _jTP 360 Bio _M2 _UAVAILABLE _WJul 18, 2007 _y021818 _ZAnnex Low-Usage Collection |
||
| 999 |
_c81138 _d81138 |
||